00724nam a2200229Ia 4500003000400000005001700004008004100021020001800062040001800080041000800098082002200106100002000128245009200148250001200240260007100252300003300323650004800356650002900404700001900433700001900452700002300471OSt20220830123632.0210716s2011 xx 000 0 und d a9789350235287 cAIMIT LIBRARY aeng a005.448 21bMORM aMorel, Mederic. aGoogle apps :bmastering integration and customization /cBy Mederic Morel...[et. al.]. a1st ed. aNew Delhi :bShroff Publishers and Distributors Pvt Ltd ,c2011 . ax, 250p. ;11p. ;bPBc23 cm. aManaging a migration project to google apps aPerforming the migration aAlves, Manuel. aCadet, Pascal. aLemberger, Pirmin.